| 000 | 00441nam a22001577a 4500 | ||
|---|---|---|---|
| 003 | OSt | ||
| 005 | 20251208112104.0 | ||
| 008 | 251208b |||||||| |||| 00| 0 eng d | ||
| 020 | _a019285349 | ||
| 040 | _cOXFORD UNIVERSITY PRESS | ||
| 050 |
_aDA 30 .M67 1999 _b .M67 1999 |
||
| 245 |
_aTHE OXFORD HISTORY OF BRITAIN/ _cMORGAN, KENNETH O. |
||
| 250 | _a1ST EDITION | ||
| 260 |
_aNEW YORK: _bOXFORD UNIVERSITY PRESS, _c1999 |
||
| 942 |
_2lcc _cBK _n0 |
||
| 999 |
_c9883 _d9883 |
||